Southville International School and Colleges
Your cart is empty.
  • Cart
  • Lists
    Public lists Eva Luna New books Lux_list list_1
    Your lists Log in to create your own lists
  • Log in to your account
  • Your cookies
  • Search history
Southville International School and Colleges
  • Advanced search
  • Recent comments
  • Most popular
  • Libraries

Log in to your account

Log in with GOOGLE


If you do not have an external account, but do have a local account, you can still log in:

  1. Home
  2. MARC view: Donkey and the lapdog (The) :
Normal view MARC view ISBD view

Donkey and the lapdog (The) : (Record no. 111293)

[ view plain ]
MARC details
000 -LEADER
fixed length control field 00534nam a2200193 a 4500
001 - CONTROL NUMBER
control field 3318
005 - DATE AND TIME OF LATEST TRANSACTION
control field 20140414131913.0
008 - FIXED-LENGTH DATA ELEMENTS--GENERAL INFORMATION
fixed length control field 040715s19uu xx 00 eng d
020 ## - INTERNATIONAL STANDARD BOOK NUMBER
International Standard Book Number 1-84135-078-8
050 ## - LIBRARY OF CONGRESS CALL NUMBER
Classification number ER
Item number D65 2001
100 ## - MAIN ENTRY--PERSONAL NAME
Personal name Biro, Val
245 ## - TITLE STATEMENT
Title Donkey and the lapdog (The) :
Remainder of title and the lion and the mouse /
Statement of responsibility, etc by Val Biro.
260 ## - PUBLICATION, DISTRIBUTION, ETC. (IMPRINT)
Place of publication, distribution, etc London :
Name of publisher, distributor, etc Award Pub.,
Date of publication, distribution, etc 2001.
300 ## - PHYSICAL DESCRIPTION
Extent 1 v. p. : ill. ; cm.
440 ## - SERIES STATEMENT/ADDED ENTRY--TITLE
Title Aesop's Fables
650 ## - SUBJECT ADDED ENTRY--TOPICAL TERM
Topical term or geographic name as entry element Animals
General subdivision Fiction.
650 ## - SUBJECT ADDED ENTRY--TOPICAL TERM
Topical term or geographic name as entry element Children stories.
Holdings
Withdrawn status Lost status Damaged status Use restrictions Home library Current library Shelving location Date acquired Source of acquisition Total Checkouts Full call number Barcode Date last seen Price effective from Koha item type
        Munich Library Munich Library Easy Reading Section 07/15/2004     ER D65 2001 M1931 04/14/2014 04/14/2014 Books

Donkey and the lapdog (The) :

APA

Biro V., . (2001). Donkey and the lapdog (The). London: Award Pub.

Chicago

Biro Val, . 2001. Donkey and the lapdog (The). London: Award Pub.

Harvard

Biro V., . (2001). Donkey and the lapdog (The). London: Award Pub.

MLA

Biro Val, . Donkey and the lapdog (The). London: Award Pub. 2001.

  • Place hold
  • Print
  • Cite
  • Add to your cart (remove)
  • Save record
    BIBTEX Dublin Core MARCXML MARC (non-Unicode/MARC-8) MARC (Unicode/UTF-8) MARC (Unicode/UTF-8, Standard) MODS (XML) RIS
  • More searches
    Search for this title in:
    Other Libraries (WorldCat) Other Databases (Google Scholar) Online Stores (Bookfinder.com) Open Library (openlibrary.org)

Exporting to Dublin Core...

SOUTHVILLE LIBRARY

Southville International School and Colleges Library

1281 Tropical Ave. Cor. Luxembourg St., BF Homes International, Las Pinas City

Tel. No. 8256374 / 252358 Loc. 117/146

Powered by Koha